Quizzes
Events
Quiz Creation
Community
Videos
Private Events
Remove Ads
Sign In
Join for FREE
Feedback
Dark Mode
Quiz Categories
Sports
Geography
Music
Movies
Television
Just For Fun
Miscellaneous
History
Literature
Language
Science
Gaming
Entertainment
Religion
Holiday
For Kids
Quiz Lab
Recent
Popular Today
Quiz Kudos Today
Editor Picks
Curator Picks
Quizzes by...
Day
Popularity
Type
Ratings
Length
Year
Community
Subscriptions
Recent Discussions
Orange Saloon
Badges
Playlists
Quests
Create
Leaderboards
Showdown
Live 5
Trivia Bingo
Activity
Puzzle Library
Sporcle Events
Private Events
Virtual Trivia
Globe League
Become a Host
Pub Owners
SporcleCon
Opinionation
Our Games
Videos
Blog
Mobile Apps
Partnerships
Remove Ads and Go Orange
Feedback
Geography
Country
Landmarks
City
State
Population
World
Capital
Continent
Flags
Europe
Africa
Asia
South America
North America
Oceania
Border
Canada
United Kingdom
Topography
United States
Geography
Country
Landmarks
City
State
Population
World
Capital
Continent
Flags
Europe
Africa
Asia
South America
North America
Oceania
Border
Canada
United Kingdom
Topography
United States
Random Quiz
Search Sporcle
×
Quiz Lab
Quiz Lab
Geography
Population
Type in answers that appear in a list
Type in answers that appear in a list
Classic
Best Score? Go Orange.
Metros in FIFA World Cup Countries Stats
Can you name the most populous metro areas in countries qualified for the 2010 FIFA World Cup?
By
Peterbvb
8m
70 Questions
2,359 Plays
2,359 Plays
2,359 Plays
Comments
Comments
Give Quiz Kudos
Give Quiz Kudos
-
- Ratings
hide this ad
Replay
Link that replays current quiz
Next Quiz
Link to next quiz in quiz playlist
You Got
0%
They Got
Avg Score
61%
Avg Friend Score
Upgrade to see
Score Distribution
Jump to the score distribution portion of the page
Score
0/70
Timer
08:00
0
Plays Today
World Rank
Metro Area
% Correct
1
Tokyo, Japan
95.4%
7
New York, USA
95.4%
24
London, England (UK)
94.6%
26
Paris, France
91.6%
11
Los Angeles, USA
90.5%
80
Berlin, Germany
89.8%
4
Mexico City, Mexico
89.7%
49
Madrid, Spain
88.8%
20
Buenos Aires, Argentina
85.6%
2
Seoul, South Korea
85.2%
104
Rome, Italy
85.2%
8
Sao Paulo, Brazil
84.7%
82
Barcelona, Spain
84.5%
27
Chicago, USA
84.4%
23
Rio de Janeiro, Brazil
83.8%
47
Dallas, USA
78.2%
54
Houston, USA
77.5%
76
Sydney, Australia
77.4%
102
Milan, Italy
77.2%
40
Johannesburg, South Africa
77.1%
62
Miami, USA
75.7%
42
San Francisco, USA
75.4%
95
Cape Town, South Africa
73.5%
57
Boston, USA
72.7%
51
Santiago, Chile
72.6%
51
Philadelphia, USA
70.5%
157
Manchester, England (UK)
70%
12
Osaka, Japan
69.8%
88
Melbourne, Australia
69.8%
37
Washington, USA
69.3%
155
Birmingham, England (UK)
68.3%
162
Lisbon, Portugal
67.8%
87
Seattle, USA
67.1%
25
Lagos, Nigeria
66.2%
93
Brasilia, Brazil
66.2%
World Rank
Metro Area
% Correct
61
Detroit, USA
65.2%
130
San Diego, USA
64%
95
Athens, Greece
63.3%
157
Hamburg, Germany
62%
59
Atlanta, USA
61.6%
77
Phoenix, USA
59%
126
Naples, Italy
58.9%
165
Pretoria, South Africa
55.9%
138
Denver, USA
55.5%
72
Guadalajara, Mexico
54.4%
124
Algiers, Algeria
51.6%
102
Accra, Ghana
49.8%
54
Belo Horizonte, Brazil
47.8%
152
Pyongyang, North Korea
46.6%
101
Durban, South Africa
45.8%
71
Ruhr, Germany
44.4%
108
Minneapolis, USA
43.1%
139
St. Louis, USA
42.9%
84
Monterrey, Mexico
42.2%
92
Recife, Brazil
42.2%
143
Cleveland, USA
40.8%
85
Porto Alegre, Brazil
40.8%
99
Busan, South Korea
39.6%
91
Salvador, Brazil
38.4%
77
Abidjan, Cote d'Ivoire
37.5%
145
Tampa, USA
36.3%
152
Orlando, USA
35%
165
Sapporo, Japan
33.6%
35
Nagoya, Japan
31.8%
98
Fortaleza, Brazil
29.7%
112
Kano, Nigeria
26.1%
111
Curitiba, Brazil
23.7%
112
Ibadan, Nigeria
21.1%
155
Daegu, South Korea
17.5%
140
Campinas, Brazil
11.1%
Quiz Playlist
Details
Report
Send in Message
Add To Playlist
Classic:
Type in answers that appear in a list
Quiz Source
Last Updated: Sep 14, 2018
Quiz Scoreboard
CHALLENGE
Sign Up to Join the Scoreboard
Show All
Scores
Hide
Comments
May contain spoilers
Recently Published
NBA Finals Game Top Scorers (2010s)
by flibbidy
Sports
5m
Guess the 'R' Things in 3 Words
by MSUKent
Miscellaneous
3m
Actor to Badly Drawn Movie III
by MoMosMoProblems
Movies
5m
More to Explore
Quiz From the Vault
Featured Blog Post
Where Does Lost Luggage Go?
hide this ad
You Might Also Like...
Tags
Country Quiz
Population Quiz
World Quiz
2010
area
cup
FIFA
metro
Qualified
retro
Today's Top Quizzes in Geography
Browse Geography
hide this ad
Today's Top Quizzes in Population
Browse Population
Top Contributed Quizzes in Geography
1
Countries of the World - No Outlines Minefield
2
Find the Landmarks A-Z
3
Lietuvos savivaldybės (Lithuanian Municipalities)
4
Blind Ultimate Minefield: World
5
Ultimate Geography Challenge 'A'
6
Find the US States - No Outlines
7
3, 2, 1 or 0: Land Borders
8
Complete the Map Snippet (Minefield) IX
9
Nickname Match: U.S. States
10
Complete the Map Snippet (Minefield) X
Explore More
Trending Topics
NBA
Kpop
Disney
Anime
Harry Potter
Marvel
Crossword
Country
Soccer
NFL
Song
Pokémon
The Office
WWE
Puzzle
hide this ad
More By:
Peterbvb
Quiz
Plays
Rating
Category
Featured
Created
European Countries by Population
7,153
4.39
Geography
Oct 25, 2009
England's World Cup Opponents
7,047
4.45
Sports
Dec 4, 2009
Handball European Championship
6,382
4.44
Sports
Jan 21, 2010
Population less than 1,000,000
4,875
4.48
Geography
Nov 30, 2009
Largest Western European Cities
4,128
3.34
Geography
Jul 17, 2010
Go to Creator's Profile
Score Distribution
Quiz Creator Spotlight
Peterbvb
Follow
Send a Message
Quizzes Created
-
Created Quiz Play Count
-
More By This Creator
Popular Quizzes Today
1
Find the US States - No Outlines Minefield
2
Find the US States
3
The Countries of the World
4
10 Largest US States in Order
5
Find the Countries of Europe - No Outlines Minefield
6
US States
7
Guess the 'R' Things in 3 Words
8
NBA Finals Game Top Scorers (2010s)
More Geography Quizzes
USA States: Unique 3-letter Combos, III
Quiz Lab
Trending Quizzes
First Name TV: Leading Men
First Name TV: Leading Women Drama
Match the Book to the Film II
Pick A Pair: Religious TV
Match the Book to the Film VI
Recently Updated
Women's Final Four Teams by Year
bhenderson79
Presidents Quartet II
eogle
Anything But Clue(do)
eogle
Anything But Oceanian Capitals
eogle
Anything But 7
eogle
Anything But Thing
eogle
Word Ladder: February 29
pecheneg
Song Title Questions
pecheneg
Women's NCAA Tournament #1 Seeds
pecheneg
Celebrity Mug Shots
pecheneg
Trending Topics
Anime
NBA
Marvel
Harry Potter
Kpop
Disney
Crossword
NFL
Country
The Office
Soccer
Pokémon
Puzzle
WWE
Song
Your Account Isn't Verified!
In order to create a playlist on Sporcle, you need to verify the email address you used during registration. Go to your
Sporcle Settings
to finish the process.
Report this User
Report this user for behavior that violates our
Community Guidelines
.
Details:
Send Report
Go to the Sporcle.com Mobile Site →
Comments